Panorama 2000 [recurso electrónico] : suplemento especial interactivo.

Guardado en:
Formato: Libro
Publicado: México : Barsa, 2000
Materias:
Etiquetas: Agregar Etiqueta
Sin Etiquetas, Sea el primero en etiquetar este registro!
LEADER 00865nam a22001815a 4500
001 CEM.cems012149
005 20060623152757.0
008 130507s2000##################000#0#####d
003 CEMS
020 |a 156409037X 
082 0 4 |a CD030 
245 0 0 |a Panorama 2000 [recurso electrónico] :  |b suplemento especial interactivo. 
260 |a México :  |b Barsa,  |c 2000 
300 |a 1 CD-ROM ; 12 cm. + Libro del Año 2000 
500 |a Procesador Pentium Mmx o superior ; 64 Mb. de Ram ; Microsoft Windows 98 o superior ; Internet Explorer 5.0 ; Cd-rom 24x o superior ; 70 Mb. libres en el disco rígido ; monitor Svga (16bits) ; placa de video con 4 Mb. ; placa de sonido ; mouse 
505 0 |a Contiene completa referencia de los acontecimientos clave del año 2000 
653 |a Enciclopedia electrónica 
859 |a CEMS  |b BIB. CEMS - 11 de abril  |h CD030  |i En16-3  |p 2102.44  |t Ej.1  |v 2000  |3 2000